00782nam a22001457a 4500020001500000040000800015082002700023100010800050245016900158260007900327300005300406942001000459999001700469952015000486 a1863201793 cDLC a 633 CHA 1996 C283 Or. aB. R. Champ, E. Highley, G. I. Johnson, Group for Assistance on Systems Relating to Grain after Harvest a Grain drying in Asia : bproceedings of an international conference held at the FAO Regional Office for Asia and the Pacific, Bangkok, Thailand, 17-20 October 1995 bAustralian Centre for International Agricultural Research Canberra,c1966  a410 pages :billustrations (some color) ;c24 cm cAEDBB c22451d22451 0010406633_000000000000000_CHA_1996_C283_OR70996824aLBCbLBCcC283d2023-12-29o633 CHA 1996 C283 Or.pa21523r2023-12-29w2023-12-29yAEDBB